000 00530cam a22001932 4500
001 0000024105
005 20151217155914.0
008 130610s xx 000 0 eng d
020 _a9966469885
040 _aKABU
_cKABU
050 0 _aPR9381.9
_b.O36O84 1996
100 1 _aOgot, Grace.
_@0000152124
245 1 4 _aThe Other woman and other stories.
260 _aNairobi :
_bEAPH,
_c1996.
300 _a250 p.
852 1 _9p525 KES
908 _a130610
950 _@1
999 _c13884
_d13884